Kartelová moc exportu ovládala slovenskú ekonomiku

Priebeh a etapy negatívnych dôsledkov v období krízy. Menová politika a nástroje fiškálnej politiky. Hospodárska politika Slovenska a trh práce. Zmeny v štruktúre domácej výroby. Zníženie deficitu verejných financií a očakávanie marketingových opatrení. Exportné príležitosti a lacné pracovné sily na...

Descripción completa

Guardado en:
Detalles Bibliográficos
Autor principal: Hölcz, Róbert
Formato: Capítulo de libro
Lenguaje:eslovaco
Materias:
Etiquetas: Agregar Etiqueta
Sin Etiquetas, Sea el primero en etiquetar este registro!

MARC

LEADER 00000naa$a2200000$$$4500
001 0111457
005 20231006123744.6
041 0 |a slo 
044 |a SK 
245 1 0 |a Kartelová moc exportu ovládala slovenskú ekonomiku  |c Róbert Hölcz 
520 |a Priebeh a etapy negatívnych dôsledkov v období krízy. Menová politika a nástroje fiškálnej politiky. Hospodárska politika Slovenska a trh práce. Zmeny v štruktúre domácej výroby. Zníženie deficitu verejných financií a očakávanie marketingových opatrení. Exportné príležitosti a lacné pracovné sily na východe Ázie. 
610 2 0 |a Slovensko 
610 2 0 |a politika hospodárska 
610 2 0 |a politika fiškálna 
610 2 0 |a kríza hospodárska 
610 2 0 |a revitalizácia 
610 2 0 |a produkt domáci hrubý 
610 2 0 |a deficit rozpočtový 
610 2 0 |a nezamestnanosť 
100 1 |a Hölcz, Róbert